000
00332nam a22001457a 4500
008
210302b ||||| |||| 00| 0 eng d
020
_a
9780314000064
041
_a
eng
080
_a
611.085
082
_a
611.085
100
_a
9
101
_a
HIS
245
_a
Twentieth Century European History
_c
Kleine, W.L
942
_2
udc
_c
BK
999
_c
55523
_d
55523